000 00992nam a2200229 a 4500
001 54526
003 BD-RjUL
005 20211209080131.0
008 161107s2011 bg ||||| |||| 00| 0 ben d
020 _a984560241X
_c: TK 150.00
035 _a(BD-RjUL)54648
040 _aBD-RjUL
_bben
_cBD-RjUL
041 _aben
082 _223
_a954.92072
_bSIB 2011
100 _aছিদ্দিকী, মোহাম্মদ মুহিবউল্লাহ
_9162662
245 1 0 _aবাংলাদেশে স্থানীয় ইতিহাস চর্চা /
_cমোহাম্মদ মুহিবউল্লাহ ছিদ্দিকী
260 _aঢাকা :
_bজাতীয় গ্রন্থ প্রকাশন,
_c২০১১
300 _a১১২ পৃ. ;
_c২১ সেমি.
650 _aইতিহাস
_xগবেষণা
_zবাংলাদেশ
_9162663
650 _aHIstory
_xResearch
_zBangladesh
_9162664
942 _2ddc
_cBK
999 _c54526
_d54526